أساسيات النشر العالمي في التخصصات الإنسانية / (رقم التسجيلة. 77604)

تفاصيل مارك
000 -الفاتح
حقل البيانات ثابتة الطول 00966cam a22002291i 4500
003 - محدد رقم الضبط
رقم الضبط SA-RiAUC
005 - وقت وتاريخ اخر تعامل مع التسجيلة
رقم الضبط 20191210163552.0
008 - عناصر البيانات ثابتة الطول - معلومات عامة
حقل البيانات ثابتة الطول 050310s2020 jo g 100 0 ara c
020 ## - الرقم الدولى المعيارى للكتب
الرقم الدولى المعيارى للكتاب 9789923200179
040 ## - مصدر الفهرسة
وكالة الفهرسة الأصلية Ma-un
لغة الفهرسة ara
082 04 - رقم تصنيف ديوى العشرى
رقم التصنيف 070.5797
رقم الطبعة 21
رقم المادة ع ح أ
100 ## - المدخل الرئيسى - إسم شخصى
الإسم الشخصى العجرش، حيدر حاتم فالح
245 12 - بيان العنوان
العنوان أساسيات النشر العالمي في التخصصات الإنسانية /
بيان المسئوليه,etc حيدر حاتم فالح العجرش.
260 ## - PUBLICATION, DISTRIBUTION, ETC. (IMPRINT)
مكان الناشر او الموزع عمان، الأردن :
اسم الناشر او الموزع دار المنهجية للنشر والتوزيع،
تاريخ النشر أو التوزيع 2020
تاريخ النشر هجري 1441
300 ## - الوصف المادى
التعداد 197 ص. ؛
أبعاد الوعاء 24 سم.
504 ## - تبصرة ببليوجرافية
تبصرة ببليوجرافية,الخ يشتمل على قائمة ببليوجرافية.
650 #7 - المدخل الاضافى بالموضوع-مصطلح موضوعى
مصطلح موضوعي أو اسم جغرافي كعنصر مدخل تنظيم المعلومات
650 #7 - المدخل الاضافى بالموضوع-مصطلح موضوعى
مصطلح موضوعي أو اسم جغرافي كعنصر مدخل النشر الإلكتروني
952 ## - LOCATION AND ITEM INFORMATION (KOHA)
نوع المادة فى نظام كوها كتاب
952 ## - LOCATION AND ITEM INFORMATION (KOHA)
نوع المادة فى نظام كوها كتاب
952 ## - LOCATION AND ITEM INFORMATION (KOHA)
نوع المادة فى نظام كوها كتاب
952 ## - LOCATION AND ITEM INFORMATION (KOHA)
نوع المادة فى نظام كوها كتاب
952 ## - LOCATION AND ITEM INFORMATION (KOHA)
نوع المادة فى نظام كوها كتاب
952 ## - LOCATION AND ITEM INFORMATION (KOHA)
نوع المادة فى نظام كوها كتاب
952 ## - LOCATION AND ITEM INFORMATION (KOHA)
نوع المادة فى نظام كوها كتاب
440 #0 - بيان السلسلة/مدخل إضافى-العنوان
العنوان سلسلة اللجنة الدولية لدراسة مشكلات الإعلام
رقم المجلد/ التعيين التسلسلي 19
9 (RLIN) 77144
942 ## -
-- ddc
-- BOOK
949 ## - معلومات معالجة محلية(OCLC)
a SA-RiPNU
n 1
d 2019/12/10
u pnuone
المقتنيات
حالة الفقد نموذج السعر الفعال حالة تلف ليس للاعارة تاريخ الاكتساب رقم الطلب تاريخ الاكتساب الموقع الحالي الباركود الفرع الرئيسي Date last seen مصدر التصنيف او خطة الترفيف Total Checkouts
  2019-12-10     2019-12-10 070.5797 ع ح أ 2019-12-10 CL 00160865 المكتبة المركزية بالمجمعة (CL) 2019-12-10 Dewey Decimal Classification  
  2019-12-10     2019-12-10 070.5797 ع ح أ 2019-12-10 CL 00160866 المكتبة المركزية بالمجمعة (CL) 2019-12-10 Dewey Decimal Classification  
  2019-12-10     2019-12-10 070.5797 ع ح أ 2019-12-10 CL 00160867 المكتبة المركزية بالمجمعة (CL) 2019-12-10 Dewey Decimal Classification  
  2019-12-10     2019-12-10 070.5797 ع ح أ 2019-12-10 IC 00160630 قسم الاجراءات الفنية (IC) 2019-12-10 Dewey Decimal Classification  
  2019-12-10     2019-12-10 070.5797 ع ح أ 2019-12-10 IC 00160631 قسم الاجراءات الفنية (IC) 2019-12-10 Dewey Decimal Classification  
  2019-12-10     2019-12-10 070.5797 ع ح أ 2019-12-10 SZM 00160628 مكتبة مجمع الكليات بالزلفى - طلاب (SZM) 2019-12-10 Dewey Decimal Classification  
  2019-12-10     2019-12-10 070.5797 ع ح أ 2019-12-10 SZM 00160629 مكتبة مجمع الكليات بالزلفى - طلاب (SZM) 2019-12-10 Dewey Decimal Classification